000 00350 a2200145 4500
999 _c5567
_d5567
020 _a0797414363
050 _aPL8681.4 GOM 1995
100 _aGombe, J.M
245 _aThe Shona idiom
_cI.M. Gombe
264 _aHarare:
_bMercury Press,
_c1995
300 _a187p.:
500 _aIn Shona
650 _aIdioms
_xShona
942 _2lcc
_cBK
_h8681.4
_iGOM
_kPL